000
00250nam a22000977a 4500
008
160511b xxu||||| |||| 00| 0 eng d
041
_a
eng
080
_a
61
245
_a
The medical clinics of north america:
_c
Victor C. Strasburger MD;
942
_2
udc
_c
BK
999
_c
2052
_d
2052